Представление документа в формате RUSMARC

ПолеНазваниеЗначение
  Тип записи c
  Библиографический уровень m
001 Контрольный номер RU/УОНБ/EK_N/322865630
005 Дата корректировки 20250520122053.2
010 Индекс ISBN __
9 Тираж 7000 экз.
013 Номер (ISMN) __
d Цена 50 р.
100 Данные общей обработки __
a Данные общей обработки 20090414d2001 u u0rusy0103 ca
101 Язык документа 0_
a Язык текста rus
200 Заглавие и сведения об ответственности 1_
a Заглавие Уроки госпожи мелодии
e Сведения, относящиеся к заглавию учебник для 1 кл. ДМШ
f Первые сведения об ответственности Н. А. Царева
210 Выходные данные 1_
a Место издания Москва
c Издательство Росмэн-пресс
d Дата издания 2001
215 Физическое описание __
a Объем 80 с.
d Формат 27 см
225 Серия 1_
a Серия Детская музыкальная школа
530 Ключевое заглавие (сериального издания) 0_
a Ключевое заглавие (сериального издания) уроки
606 Тематические рубрики 0_
a Основная рубрика Детская музыка
x Основная подрубрика Школьное музыкальное воспитание
x Основная подрубрика Учебные пособия начальная школа
686 Индексы других классификаций __
a Классификационный индекс 85.98я71
2 Код системы rubbk
700 Автор _1
a Фамилия Царева
b Имя (инициалы) Н. А.
g Полное личное имя Наталья Анатольевна
801 Источник записи _0
a Страна RU
b Организация Ульяновская государственная областная научная библиотека им.В.И.Ленина
c Дата составления 20090414
g Правила каталогизации PSBO
801 Источник записи _1
a Страна RU
b Организация Ульяновская государственная областная научная библиотека им.В.И.Ленина
c Дата составления 20090414
901 Тип документа __
t Тип документа m
938 Служебная информация __
a Имя БД noti
b Имя библиотеки УОНБ
c Имя АИБС МАРК-SQL
d Номер DOC_ID в БД 7352